On-line programming : a management guide /

Guardado en:
Autor Principal: Abbott, Joe.
Formato: Libro
Idioma:English
Publicado: [Oxford] : NCC Publications, 1981.
Materias:
Etiquetas: Agregar Etiqueta
Sin Etiquetas, Sea el primero en etiquetar este registro!
LEADER 00543nam a22001695a 4500
001 EIQ.libpla001575
008 061108s1981####enk###########001#0#eng#d
005 20061108185634.0
245 1 0 |a On-line programming :  |b a management guide /  |c Joe Abbott. 
260 |a [Oxford] :  |b NCC Publications,  |c 1981. 
300 |a 64 p. ;  |c 21 cm. 
020 |a 0850122953 
100 1 |a Abbott, Joe. 
650 4 |a Programación en linea  |x Guía. 
650 4 |a On-line programming  |x Guide. 
040 |a AR-BbSID  |b spa  |c AR-BbSID 
859 |a AR-BbSID  |b BIB. PLAPIQUI  |h 658.91  |i Ab 26  |p 2732